Dragons Rescued In Spyro The Dragon - Statistics

General Stats
  • This quiz has been taken 13 times
  • The average score is 29 of 74
Answer Stats
Answer % Correct
Delbin
86%
Magnus
86%
Nestor
86%
Titan
86%
Bubba
71%
Lateef
71%
Tomas
71%
Astor
57%
Boris
57%
Cleetus
57%
Cosmos
57%
Devlin
57%
Lindar
57%
Ajax
43%
Alban
43%
Alvar
43%
Argus
43%
Azizi
43%
Bruno
43%
Cedric
43%
Conan
43%
Cyrus
43%
Damon
43%
Gavin
43%
Hexus
43%
Kelvin
43%
Marco
43%
Maximos
43%
Nevin
43%
Obasi
43%
Ragnar
43%
Rosco
43%
Thor
43%
Todor
43%
Trondo
43%
Zeke
43%
Altair
29%
Asher
29%
Baruti
29%
Boldar
29%
Claude
29%
Cyprin
29%
Darius
29%
Eldrid
29%
Enzo
29%
Gildas
29%
Gunnar
29%
Halvor
29%
Isaak
29%
Ivor
29%
Jed
29%
Kasiya
29%
Kosoko
29%
Lucas
29%
Mudada
29%
Nils
29%
Oswin
29%
Revilo
29%
Sadiki
29%
Ulric
29%
Unika
29%
Useni
29%
Zander
29%
Zane
29%
Zantor
29%
Zikomo
29%
Andor
14%
Apara
14%
Bakari
14%
Copano
14%
Jarvis
14%
Lutalo
14%
Lyle
14%
Mazi
14%
No matching quizzes found
Score Distribution
Percent of People with Each Score
Percentile by Number Answered
Your Score History
You have not taken this quiz